00412 a2200157 4500003000400000005001700004008004100021020001800062040000900080082002000089100001900109245006200128250001200190260004200202300001000244OSt20231207201431.0231207b |||||||| |||| 00| 0 eng d a9788182667204 coclc a894.8128bKAR/I aKarassery, M N aIslamika Rashtreeyam Vimarsikkappedunnu /cM.N. Karassery a5th ed. aKozhikode:bMathrubhumi Books,c2016. a168p.